000 00648nam a22001817a 4500
005 20250115132050.0
008 240227b ||||| |||| 00| 0 eng d
020 _a9781526492234
082 _aDC 372.210941
_bEa761 2021
245 _aThe early years foundation stage :
_btheory and practice /
_cedited by Ionna Palaiologou.
250 _aFourth edition.
260 _aLondon :
_bSage Publications Ltd,
_c©2021.
300 _axiii, 451 pages :
_billustrations ;
_c23 cm.
500 _aIncludes references and index.
650 _aEarly childhood education.
_953489
650 _aEarly childhood education
_zGreat Britain.
_953490
942 _2ddc
_cDC
999 _c19390
_d19390